Decentralising Employment Policy : New Trends and Challenges : The Venice Conference /

Reporte de la conferencia de la Organización para la Cooperación y el Desarrollo Económicos (OCDE) celebrada el 23 y 24 de abril de 1998 en Venecia, Italia, donde representantes de 26 naciones integrantes de la OCDE discutieron acerca de las políticas laborales y la tendencia de las reformas hacia u...

Ful tanımlama

Kaydedildi:
Detaylı Bibliyografya
Müşterek Yazar: Decentralising Employment Policy: New Trends and Challenges ( Venecia, Italia)
Materyal Türü: Konferans Sunumu Kitap
Dil:İngilizce
Baskı/Yayın Bilgisi: París, Francia : OCDE, 1999, c1999
Konular:
Etiketler: Etiketle
Etiket eklenmemiş, İlk siz ekleyin!

MARC

LEADER 00000nam^a2200000^a^4500
001 000119999
005 20250521000000.0
009 20260310094337.435
020 |a 92-64-17055-3 
037 |a Acervo ITESO - Biblioteca 
041 |a ING 
082 |a 331. 125  |b DEC 
111 |a Decentralising Employment Policy: New Trends and Challenges (  |d 1998 :  |c Venecia, Italia) 
245 1 0 |a Decentralising Employment Policy :  |b New Trends and Challenges : The Venice Conference / 
264 4 |a París, Francia :  |b OCDE,  |c 1999, c1999 
300 |a 249 p. 
336 |a texto  |b txt  |2 rdacontenido 
337 |a sin mediación  |b n  |2 rdamedio 
338 |a volumen  |b nc  |2 rdasoporte 
520 |a Reporte de la conferencia de la Organización para la Cooperación y el Desarrollo Económicos (OCDE) celebrada el 23 y 24 de abril de 1998 en Venecia, Italia, donde representantes de 26 naciones integrantes de la OCDE discutieron acerca de las políticas laborales y la tendencia de las reformas hacia una mayor flexibilidad en la implementación de las políticas de empleo, la adaptación de las políticas nacionales a las condiciones locales y el estímulo a la participación de todos los sectores. 
649 |a XX 
650 |a Política Laboral 
650 |a Política Económica 
650 |a Economía Laboral 
650 |a Empleo y Desempleo 
650 |a Trabajo 
650 |a Centralización y Descentralización 
650 |a Administración Pública 
910 |a Fondo General 
920 |a Impresos - Libros 
930 |a Colección General 
905 |a 101 
901 |a 0500054754  |b IT1  |c ACC  |u 20250521 
902 |a https://opac.biblio.iteso.mx/vufind/Record/000119999